00802nam a2200193 a 450000100100000000500170001000800410002704000250006808200150009310000250010824500570013325000110019026000780020130000210027950400730030050400320037395201860040599900170059100003526820200930074222.0111027s1946 pr 000 0 spa d aDO-SdBNPbspacBNPHU axxxxbxxxx1 aBlanco, Tomas96102910aProntuario historico de Puerto Rico /cTomas Blanco. a3a ed. aSan Juan, Puerto Rico, :bBiblioteca de autores puertorriqueños,c1946. a153 p. ;c20 cm. aIncluye referencias bibliográficas y notas al pie de las páginas aBibliografía : p. 149-153 001050718RVaGRbGRcHDd2011-10-27iLF1l0oxxxx xxxxp35268-10r2020-06-25w2020-06-25y1zPerteneció a la biblioteca personal de Juan Isidro Jimenes Grullón.ZNo se presta c34759d34759